Actors/Characters with Shared Names #3 - Statistics

General Stats
  • This quiz has been taken 2,142 times
  • The average score is 10 of 16
Answer Stats
Picture Hint Answer % Correct
Sam
Fresh
Samuel L. Jackson
88%
John Dillinger
Public Enemies
Johnny Depp
86%
Julianne Potter
My Best Friend's Wedding
Julia Roberts
84%
Nicky
Racing with the Moon
Nicolas Cage
80%
Thomas Nickerson
In the Heart of the Sea
Tom Holland
79%
Helen Schlegel
Howards End
Helena Bonham Carter
75%
Jim Stark
Rebel Without a Cause
James Dean
66%
Julie Carlisle
Julie
Julie Andrews
66%
Chris Lloyd
Metroland
Christian Bale
60%
Jeffrey Lebowski
The Big Lebowski
Jeff Bridges
59%
Lucy Ricardo
I Love Lucy
Lucille Ball
49%
Fred Jones
Scooby-Doo
Freddie Prinze Jr.
47%
Tony Barta
Taxi
Tony Danza
40%
Billy Mack
Love Actually
Bill Nighy
37%
Robert Sutherland
Cobra
Robert Carlyle
24%
Billy Bob Walker
The Killer Inside Me
Bill Pullman
23%
No matching quizzes found
Score Distribution
Percent of People with Each Score
Percentile by Number Answered
Your Score History
You have not taken this quiz